000 00528nam a2200193 i 4500
001 70418
003 ES-MaACL
005 20230906170819.0
007 t|
008 040723s1960 sp ||||1| spa d
100 1 _aGarcía Serrano, Rafael.
_955295
245 1 3 _aLa paz dura quince días /
_cRafael García Serrano.
260 _aBarcelona :
_bCaralt,
_c[1960] (
_fChimenos)
300 _a210 p. ;
_c24 cm.
490 1 _aGigante
830 0 _aGigante
_9181050
852 _aES-MaACL
_jC-18696
_bR.46256
999 _c70418
_d70418